| 000 | 01260cam a22003617a 4500 | ||
|---|---|---|---|
| 003 | CHAP | ||
| 005 | 20220817043315.0 | ||
| 008 | 971013s1975 r 00010 d | ||
| 010 | _a71323 | ||
| 011 | _a72295 | ||
| 035 | _a81850 | ||
| 040 | _cCHAP | ||
| 090 | _aTesis | ||
| 100 | 0 | 0 |
_aDávila Alfaro, Gustavo E. _933094 |
| 245 | 1 | 3 |
_aLa inafectabilidad ganadera _b: sus efectos en el desarrollo de la ganadería, un caso : el municipio de Saltillo, Coah. |
| 260 |
_aChapingo, Méx. : _bEl autor, _c1975 |
||
| 300 | _a150 h. | ||
| 500 | _ac.4 en bodega | ||
| 502 | _aTesis (M.C. Esp. en Economía Agrícola) -- ENA.CP. Centro de Economía Agrícola | ||
| 590 |
_aALEPH _b10 _c20130110 _lUCH01 _h1411 |
||
| 590 |
_aBATCH-UPD _b10 _c20130110 _lUCH01 _h1605 |
||
| 590 |
_aBATCH-UPD _b10 _c20130410 _lUCH01 _h1001 |
||
| 590 |
_aBATCH-UPD _b10 _c20130914 _lUCH01 _h1501 |
||
| 590 |
_aCONVERSION _b10 _c20130109 _lUCH01 _h1339 |
||
| 650 | 1 | 4 |
_aGanadería _xAspectos económicos _xMéxico. _944636 |
| 650 | 1 | 4 |
_aGanadería _xCoahuila. _944672 |
| 650 | 1 | 4 |
_aPolítica ganadera _zMéxico. |
| 901 | _aBK | ||
| 942 | _cFOLL | ||
| 949 |
_bBC _cTES _d-35500 _eTS1 _i81850 _si |
||
| 949 |
_bBC _cTES _d-35501 _eTS2 _fc.2 _i81850 _si |
||
| 949 |
_bBC _cTES _d-35503 _eTS2 _fc.3 _i81850 _si |
||
| 999 |
_c71323 _d71323 |
||